000 00780cam a22003014a 4500
999 _c22717
_d22717
001 YPZ92388
003 YPZ
005 20240507090843.0
008 100302|###########||||||b||||||||||spa|d
020 _a9505727240
040 _cSIUNPA
_bspa
_eAACR2
041 _aspa
044 _aag
080 _a347.249 A691c10
110 _aArgentina. Leyes, etc..
245 _aCódigo de minería
_b : (comentado)
_c/ comentarios Edmundo F. Catalano
250 _a10a. ed.
260 _aBuenos Aires
_b : Zavalia
_c , 2006
300 _a584 p.
650 _a MINERIA
650 _a LEGISLACION
650 _a LEY 17319
650 _a LEY 24145
650 _a DECRETO 6803/68
651 0 _953
_aARGENTINA
700 _4, comentarios
_aCatalano, Edmundo F.
942 _cBK
_2udc